| 000 | 01290nam0a22002771 4500 | ||
|---|---|---|---|
| 001 | rc\1071322 | ||
| 005 | 20260407085505.0 | ||
| 035 | _a(NLR Aleph) 006231181 | ||
| 090 |
_a6573516 _c6573516 |
||
| 100 | _a20041129d1980 |||y0rusy50 ca | ||
| 101 | 0 | _arus | |
| 102 | _aRU | ||
| 105 | _aa ||||||||| | ||
| 200 | 1 |
_aНовые виды стеклянных волокон _f[Составители Шаина З.И., Попова Г.С., Лавринович И.А.] |
|
| 210 |
_aМ. _cНИИТЭхим _d1980 |
||
| 215 |
_a36 с. _cил. _d20 |
||
| 225 | 1 |
_aХимическая промышленность _eОбзор. информ. _fМ-во хим пром-сти, НИИ техн.-экон. исслед. _iСерия "Стеклянное волокно и стеклопластики" |
|
| 300 | _aСост. указаны на 2-й с. обл. | ||
| 320 | _aБиблиогр.: с. 34-36 (70 назв.) | ||
| 700 | 1 |
_aШаина _bЗ.И. _gЗоя Ильинична |
|
| 712 | 0 | 2 |
_aНИИ технико-экономических исследований Министерства химической промышленности СССР _3RU\NLR\AUTH\8813349 _9299715 |
| 801 | 0 |
_aRU _bNLR _gpsbo |
|
| 801 | 1 |
_aRU _bELAR _2rusmarc |
|
| 852 |
_aNLR _j81-4/2866 |
||
| 942 | _cBOOK | ||
| 980 | _aNB | ||